000 01226nam a2200313 a 4500
001 ebr10486824
003 CaPaEBR
006 m u
007 cr cn|||||||||
008 110818s2009 dcua sb 001 0 eng d
020 _z9780875531915
020 _z9780875532554 (e-book)
040 _aCaPaEBR
_cCaPaEBR
035 _a(OCoLC)754713872
050 1 4 _aHV1568
_b.D57 2009eb
245 0 0 _aDisability and public health
_h[electronic resource] /
_ceditors, Charles E. Drum, Gloria L. Krahn, Hank Bersani, Jr.
260 _aWashington, D.C. :
_bAmerican Public Health Association,
_c2009.
300 _aviii, 212 p. :
_bill.
504 _aIncludes bibliographical references and index.
533 _aElectronic reproduction.
_bPalo Alto, Calif. :
_cebrary,
_d2011.
_nAvailable via World Wide Web.
_nAccess may be limited to ebrary affiliated libraries.
650 0 _aDisabilities.
650 0 _aPublic health.
655 7 _aElectronic books.
_2local
700 1 _aDrum, Charles E.
700 1 _aKrahn, Gloria L.
700 1 _aBersani, Hank A.
710 2 _aebrary, Inc.
856 4 0 _uhttp://site.ebrary.com/lib/rucke/Doc?id=10486824
_zAn electronic book accessible through the World Wide Web; click to view
999 _c125341
_d125341